• 首页
  • 本馆介绍
  • 公告通知
  • 最新文献
  • 馆藏检索
  • 电子资源
  • 读者导购
  • 参考咨询
  • 我的图书馆
  • 登录
  • 详细信息显示
  • 放入我的书架
  • 预约/预借图书
  • 作者相关作品
  • 分类相关作品
  • 丛书相关作品
  • 出版社相关作品

书目信息

  • 表格格式
  • 工作单格式
  • 卡片格式
书名: Computational techniques for ordinary differential equations
作者: organized by the Institute of Mathematics and its Applications ; edited by I. Gladwell, D.K. Sayers.
分册号:
分册名:
出版地: London ;
 
出版社: Academic Press
出版时间: 1979.
页数: 303 p. :
开本: 23 cm.
丛书名:
中图分类号:
科图分类号:
其他分类号: O241.81:H31
主题词:
电子资源:
000 01370nam 22003013i 4504
001 E0752354835
003 CaOON
005 20070228143334.18
008 030929s1979 enk 1 11 eng l
010    @a79042626
020    @a0122857801.
040    @aDLC@beng@dCaOON
050 00 @aQA370@b.C64 1978
082    @a515.3/52/02854
090    @aP154.1/W44
090    @aO241.81:H31
099    @dO241.81:H31@ex30
111 2  @aConference on Computational Techniques for Ordinary Differential Equations,@cUniversity of Manchester,@d1978.
245 10 @aComputational techniques for ordinary differential equations :@bbased on the proceedings of the Conference on Computational Techniques for Ordinary Differential Equations : held at the University of Manchester, 18-20 December, 1978 / @corganized by the Institute of Mathematics and its Applications ; edited by I. Gladwell, D.K. Sayers.
260 0  @aLondon ;@aNew York ;@aToronto :@bAcademic Press,@c1979.
300    @a303 p. :@bill. ;@c23 cm.
504    @aBibliography: p.
650  0 @aDifferential equations@xNumerical solutions@xCongresses.
650  0 @aDifferential equations@xData processing@xCongresses.
700 1  @aSayers, D. K.
700 1  @aGladwell, I.
710 2  @aInstitute of Mathematics and Its Applications
710 2  @aInstitute of Mathematics and Its Applications.
    
    Computational techniques for ordinary differential equations : : based on the proceedings of the Conference on Computational Techniques for Ordinary Differential Equations : held at the University of Manchester, 18-20 December, 1978 / / organized by the Institute of Mathematics and its Applications ; edited by I. Gladwell, D.K. Sayers.-London ; ; New York ; ; Toronto : : Academic Press, , 1979.
    303 p. : : ill. ; ; 23 cm.
    Bibliography: p.
    
    ISBN 0122857801.
    
●
相关链接 在E读中查询图书 在五车中查询图书 在当当中查询图书 在豆瓣中查询图书


正题名:Computational techniques for ordinary differential equations     索取号:O241.81:H31/x30         预约/预借

序号 登录号 条形码 馆藏地/架位号 状态 备注
1 126523   000439993   第四借阅区/ [索取号:O241.81:H31/x30] 在馆    
2 126524   000439957   第二样本阅览室/ [索取号:O241.81:H31/x30] 在馆    
唐山师范学院图书馆 欢迎您!
大连网信软件有限公司© 版权所有